Statistics for 100k+ Cities in Europe by Letter on a Map - F

Click here to take the quiz!

General Stats

  • This quiz has been taken 81 times
  • The average score is 3 of 6

Answers on the Map

Answers color-coded by a green-red scale on the quiz's map according to % correct below.
Loading ...
 

Answer Stats

PopulationCity% Correct
650kFrankfurt
100%
349kFlorence
99%
216kFreiburg im Breisgau
71%
137kFoggia
23%
112kFurth
22%
198kFuenlabrada
12%

Score Distribution

Percentile by Number Answered

Percent of People with Each Score

Your Score History

You have not taken this quiz